| 000 | 00546nam a2200181Ia 4500 | ||
|---|---|---|---|
| 008 | 090201s9999 xx 000 0 und d | ||
| 010 | _aKPL-69296 | ||
| 040 | _bमराठी | ||
| 041 | _aमराठी | ||
| 082 |
_a47838 _b69296 |
||
| 100 | _a ठाकूर दिलीप | ||
| 245 |
_aओन्ली रेखा _c ठाकूर दिलीप |
||
| 250 | _a1 | ||
| 260 |
_c2005 _bसंवेदना प्रकाशन |
||
| 300 |
_a164 _bमध्यम |
||
| 600 | _aओन्ली रेखा | ||
| 942 | _cBOOK | ||
| 999 |
_c244530 _d244530 |
||